AIDS in Kenya : (Record no. 6697)

MARC details
000 -LEADER
fixed length control field 00844cam a22002292 4500
001 - CONTROL NUMBER
control field 0000004878
005 - DATE AND TIME OF LATEST TRANSACTION
control field 20151217151943.0
008 - FIXED-LENGTH DATA ELEMENTS--GENERAL INFORMATION
fixed length control field 070530s xx 000 0 eng d
020 ## - INTERNATIONAL STANDARD BOOK NUMBER
Terms of availability KES 250
040 ## - CATALOGING SOURCE
Original cataloging agency KABU
Transcribing agency KABU
050 #0 - LIBRARY OF CONGRESS CALL NUMBER
Classification number RA644
Item number .A25A363 1996
245 10 - TITLE STATEMENT
Title AIDS in Kenya :
Remainder of title background, projections, impact, and interventions /
Statement of responsibility, etc. edited by G. M. Baltazar ... [et al. ; prepared by National AIDS and STDs Control Programme, Ministry of Health, Nairobi]
250 ## - EDITION STATEMENT
Edition statement 5th ed.
260 ## - PUBLICATION, DISTRIBUTION, ETC. (IMPRINT)
Place of publication, distribution, etc. [Nairobi] :
Name of publisher, distributor, etc. NASCOP,
Date of publication, distribution, etc. 1999.
300 ## - PHYSICAL DESCRIPTION
Extent v, 58 p. :
Other physical details ill. ;
Dimensions 30 cm.
650 #0 - SUBJECT ADDED ENTRY--TOPICAL TERM
Topical term or geographic name as entry element AIDS (Disease)
Geographic subdivision Kenya.
-- 0000155790
700 1# - ADDED ENTRY--PERSONAL NAME
Personal name Baltazar, G. M.
-- 0000155791
710 2# - ADDED ENTRY--CORPORATE NAME
Corporate name or jurisdiction name as entry element National AIDS and STDs Control Programme (Kenya)
-- 0000155792
908 ## - PUT COMMAND PARAMETER (RLIN)
Put command parameter 070530
950 ## - LOCAL HOLDINGS (RLIN)
-- 1
Holdings
Withdrawn status Lost status Source of classification or shelving scheme Not for loan Home library Current library Date acquired Total Checkouts Full call number Barcode Date last seen Price effective from Koha item type
    Library of Congress Classification   Kabarak, Main Campus Kabarak, Main Campus 17/12/2015   RA644 .A25A363 1996 24210 17/12/2015 17/12/2015 General Collection
Designed with assistance from East African Informatics Ltd